00743nam a2200253 a 4500001001300000003000900013005001700022008004100039020002400080082001800104100002100122245001600143260003600159300000900195500003500204505002600239650001800265650002000283700002100303902000800324942000700332952013300339999001700472nice12345678IN_TiNIC20260116014704.0100406s1998 kora grp 000 0 eng  a9781558197091c111500a912.0983bBRI aBrisco, Thomas V aBible Atlas aKorea bHolman Reference c1998 a285p aincludes index and biblioraphy2 aBibliography, Indices aAtlases-Bible aBible-Geography1 aBrisco, Thomas V bSRS cBK 001040708StackRoom-aHMIbHMId2010-04-13g1115.00l1o912.0983 BRIp023246r2022-08-02s2022-07-19v1115.00w2010-04-06yBK c16477d16477